Textbook of Microbiology for BSc Nursing (Record no. 157999)

MARC details
000 -LEADER
fixed length control field 00400nam a2200145Ia 4500
008 - FIXED-LENGTH DATA ELEMENTS--GENERAL INFORMATION
fixed length control field 230411s9999 xx 000 0 und d
020 ## - INTERNATIONAL STANDARD BOOK NUMBER
International Standard Book Number 978-93-5152-913-2
041 ## - LANGUAGE CODE
Language code of text/sound track or separate title eng
082 ## - DEWEY DECIMAL CLASSIFICATION NUMBER
Classification number M/616.01/SUR/B08108
100 ## - MAIN ENTRY--PERSONAL NAME
Personal name Surinder Kumar
9 (RLIN) 179823
245 ## - TITLE STATEMENT
Title Textbook of Microbiology for BSc Nursing
260 ## - PUBLICATION, DISTRIBUTION, ETC. (IMPRINT)
Name of publisher, distributor, etc. Jaypee Brothers
Place of publication, distribution, etc. New Delhi
Date of publication, distribution, etc. 2015
300 ## - PHYSICAL DESCRIPTION
Extent 296p
Holdings
Withdrawn status Lost status Damaged status Not for loan Collection code Home library Current library Date acquired Vendor Cost, normal purchase price Bill number Total Checkouts Total Renewals Full call number Barcode Date last seen Date last checked out Cost, replacement price Bill Date Koha item type Original Barcode
          Smt. Bakul Tambat Institute of Nursing Education Smt. Bakul Tambat Institute of Nursing Education 24/10/2015 Jaypee Brothers Medical Publishers 295.00 I-191 5 3 M 616.01 SUR B08108 BTIN-BK-8108 16/07/2024 02/07/2024 206.50 24/10/2015 Books B08108